000
00451nam a2200181Ia 4500
008
090124s9999 xx 000 0 und d
082
_b
30556
_a
2865
100
_a
पवार जयंत
245
_a
अधांतर
250
_a
1
260
_c
1999
300
_a
65
600
_a
पवार जयंत
630
_a
अधांतर
700
_a
पवार जयंत
730
_a
अधांतर
942
_c
BOOK
999
_c
144037
_d
144037